Divisions of Ontario - Sudden Death - Statistics

General Stats
  • This quiz has been taken 28 times
  • The average score is 5 of 16
Answers on the Grid
Answers color-coded by a green-red scale on the quiz's grid according to % correct below.
Algonquin
Bradley
Brampton
Carlisle
Claire
Essex
Frontenac
Grey
Halton
Hamilton
Hearst
Lambton
London
Manchester
Middlesex
Mississauga
Ottawa
Oxford
Peel
Portsmouth
Prince William
Rainy River
Sault Sainte Marie
Sheffield
Sudbury
Thunder Bay
Toronto
Victoria
Wellington
York
 
Answer Stats
Answer % Correct
Essex
58%
Toronto
58%
Grey
47%
Halton
42%
Hamilton
42%
Frontenac
37%
Lambton
37%
Ottawa
37%
Middlesex
32%
Sudbury
32%
York
32%
Peel
26%
Thunder Bay
21%
Oxford
16%
Wellington
16%
Rainy River
11%
No matching quizzes found
Score Distribution
Percent of People with Each Score
Percentile by Number Answered
Your Score History
You have not taken this quiz